| 000 | 01039nam a22001937a 4500 | ||
|---|---|---|---|
| 003 | OSt | ||
| 005 | 20251117092211.0 | ||
| 008 | 251117b |||||||| |||| 00| 0 eng d | ||
| 040 | _cDCL | ||
| 082 | _a၂၉၄.၃၈၂၂၁ | ||
| 130 |
_aတိပိဋက။ _pဝိနယပိဋက။ _tပါရာဇိက၊ _lအဋ္ဌကထာ၊ _sနိဿယ။ |
||
| 245 |
_aပါရာဇိက အဋ္ဌကထာနိဿယသစ်၊ _bပထမတွဲ / _cမအူဆရာတော်ဘုရားကြီး။ |
||
| 264 |
_aရန်ကုန် ၊ _bအောင်ပိုင်မင်းစာပေ၊ _c[ခုနှစ်မပါ]။ |
||
| 300 |
_aဃ၊ ၅၀၆ စာမျက်နှာ ၊ _c၂၅ စင်တီ။ |
||
| 650 |
_aပါရာဇိက _vအဋ္ဌကထာနိဿယ။ |
||
| 650 |
_aပါရာဇိကဏ် _vအဋ္ဌကထာနိဿယ။ |
||
| 700 | _aမအူဆရာတော်ဘုရားကြီး။ | ||
| 942 |
_2ddc _cSHORT TERM _n0 |
||
| 999 |
_c2489 _d2489 |
||